Letras cardinales: antología de obras literarias y textos informativos

Saved in:
Bibliografiske detaljer
Main Authors: Pérez W., María Luisa (Author), Wallace C., David (Author)
Format: Bog
Sprog:spansk
Udgivet: Santiago Universitaria 2012
Fag:
Tags: Tilføj Tag
Ingen Tags, Vær først til at tagge denne postø!

MARC

LEADER 00000cam a2200000 a 4500
001 UCF6645
003 CL-VaPUC
008 130509e20120000CL |||||||||||||||||spa|d
020 |a 9789561123748 
082 0 4 |a 808.899283  |b PER  |2 21 
100 0 |a Pérez W., María Luisa  |e author  |9 568668 
700 0 |a Wallace C., David  |e author  |9 568669 
245 1 0 |a Letras cardinales: antología de obras literarias y textos informativos 
300 |a 335 p 
942 |c BK 
945 |d 20130509 00:00:00  |a dcastane 
260 |a Santiago  |b Universitaria  |c 2012 
500 |a Antología preparada para 3º Año Medio 
650 0 |a Literatura  |9 259151 
650 0 |a Antología literaria   |9 558137 
650 0 |a Literatura hispanoamericana  |9 269097 
650 0 |a Textos literarios  |9 477196 
650 7 |a TEXTOS INFORMATIVOS  |2 CL-VaPUC  |9 454714 
583 |a last modification  |c 20130509 12:56:00  |k Rodrigo Vera 
999 |c 351784  |d 351782 
952 |0 0  |1 0  |4 0  |6 808_899283000000000_PER_2012  |7 0  |8 A  |9 456112  |a BIBEDU  |b BIBEDU  |d 2019-11-22  |i 4970101  |o 808.899283 PER 2012  |p 4970101  |r 2019-11-22  |w 2019-11-22  |y BK  |k LIT